Normal view
MARC view
- THEORY OF NEURAL COMPUTATION
Entry Topical Term
001 - CONTROL NUMBER
- control field: 69061
003 - CONTROL NUMBER IDENTIFIER
- control field: NUST
005 - DATE AND TIME OF LATEST TRANSACTION
- control field: 20210628204150.0
008 - FIXED-LENGTH DATA ELEMENTS
- fixed length control field: 210628|| aca||aabn | a|a d
040 ## - CATALOGING SOURCE
- Original cataloging agency: NUST
- Transcribing agency: NUST
150 ## - HEADING--TOPICAL TERM
- Topical term or geographic name entry element: THEORY OF NEURAL COMPUTATION
670 ## - SOURCE DATA FOUND
- Source citation: Work cat.: (NUST): Hertz, John, Krogh, Anders, Palmer, Richard.G 69060, Introduction to the theory of neural computation, 1991
